[Event "1st FIDE OWCCCC Pools-East 2021"]
[Site "Online"]
[Date "2021.02.19"]
[Round "2.66"]
[White "Zihlin, Oleh"]
[Black "Soham Naik"]
[Result "1-0"]
[WhiteElo "1690"]
[BlackElo "1292"]
[Annotator "NA"]
[PlyCount "79"]
[EventDate "2021.02.19"]
[EventType "team-tourn"]
[EventCountry "NET"]
[SourceTitle "playchess.com"]
[Source "ChessBase"]
[SourceQuality "1"]

1. e4 e5 2. Nf3 Nc6 3. d4 exd4 4. Bc4 Bc5 5. c3 dxc3 6. Nxc3 Nf6 7. e5 Ng4 8. O-O Ngxe5 9. Nxe5 Nxe5 10. Re1 d6 11. Bf4 O-O 12. Bb3 Ng6 13. Bg3 Bf5 14. Qd5 Qf6 15. Qxb7 Rfc8 16. Nd5 Qxb2 17. Nxc7 Rab8 18. Qc6 Bb6 19. Bxd6 Bxf2+ 20. Kh1 Bxe1 21. Rxe1 Qf6 22. Rf1 Ne5 23. Qd5 Rd8 24. Qxe5 Rxd6 25. Rxf5 Qxe5 26. Rxe5 h6 27. h3 Rf6 28. Nd5 Rf1+ 29. Kh2 Rc8 30. Re7 Kf8 31. Rxa7 Rcc1 32. Ne3 Rh1+ 33. Kg3 Kg8 34. Rxf7 Kh7 35. Nd5 Kg6 36. Re7 Kf5 37. Rxg7 Rce1 38. Rf7+ Kg6 39. Rf6+ Kg7 40. Kg4 1-0

[Event "1st FIDE OWCCCC Pools-East 2021"]
[Site "Online"]
[Date "2021.02.19"]
[Round "2.66"]
[White "Ruhl, Andreas"]
[Black "Erigaisi Arjun"]
[Result "0-1"]
[WhiteElo "1300"]
[BlackElo "2559"]
[Annotator "TA"]
[PlyCount "64"]
[EventDate "2021.02.19"]
[EventType "team-tourn"]
[EventCountry "NET"]
[SourceTitle "playchess.com"]
[Source "ChessBase"]
[SourceQuality "1"]

1. d4 d5 2. c4 e6 3. Nc3 dxc4 4. Qa4+ Nc6 5. Qxc4 Nf6 6. Nf3 h6 7. e3 e5 8. dxe5 Be6 9. Qe2 Nd5 10. Nd4 Nxe5 11. Nxe6 fxe6 12. Qh5+ Nf7 13. Bc4 Bb4 14. Bd2 Nxc3 15. bxc3 Bd6 16. Bxe6 Qf6 17. Bxf7+ Qxf7 18. Qg4 O-O 19. O-O Rad8 20. e4 Bxh2+ 21. Kxh2 Rxd2 22. f3 h5 23. Qg5 g6 24. Rad1 Rxa2 25. Rd8 Kg7 26. Qe5+ Kh7 27. Rxf8 Qxf8 28. Qxc7+ Kh6 29. Qxb7 Qf4+ 30. Kg1 Qe3+ 31. Kh1 Qg5 32. g4 Qh4+ 0-1

[Event "1st FIDE OWCCCC Pools-East 2021"]
[Site "Online"]
[Date "2021.02.19"]
[Round "2.68"]
[White "Shumilova, Valerija"]
[Black "Avinash Kumar"]
[Result "1/2-1/2"]
[WhiteElo "700"]
[BlackElo "1291"]
[Annotator "NA"]
[PlyCount "73"]
[EventDate "2021.02.19"]
[EventType "team-tourn"]
[EventCountry "NET"]
[SourceTitle "playchess.com"]
[Source "ChessBase"]
[SourceQuality "1"]

1. e4 c6 2. Bc4 Nh6 3. Qh5 g6 4. Qe2 Qb6 5. Nf3 Na6 6. d3 Qa5+ 7. c3 b5 8. Bb3 Rb8 9. Nd4 b4 10. Bd2 Nc5 11. cxb4 Rxb4 12. Bxb4 Qxb4+ 13. Kf1 Qxd4 14. Nd2 Nxd3 15. Bc2 Nxb2 16. Nf3 Qb6 17. Rb1 Ba6 18. Bd3 Nxd3 19. Rxb6 Bc8 20. Qxd3 e6 21. Rb7 Bxb7 22. Ne5 Bc8 23. Ke2 Bg7 24. Nc4 a6 25. Rd1 O-O 26. Nb6 g5 27. Nxc8 Rxc8 28. Qxd7 Ra8 29. Qe7 Ng4 30. Rd8+ Rxd8 31. Qxd8+ Bf8 32. f3 Nxh2 33. Qxg5+ Bg7 34. Qd8+ Bf8 35. Qg5+ Bg7 36. Qd8+ Bf8 37. Qg5+ 1/2-1/2

[Event "1st FIDE OWCCCC Pools-East 2021"]
[Site "Online"]
[Date "2021.02.19"]
[Round "2.69"]
[White "van Ravensteijn, Antal"]
[Black "McShane, Michael"]
[Result "1-0"]
[WhiteElo "2101"]
[BlackElo "1628"]
[Annotator "ChessBase"]
[PlyCount "55"]
[EventDate "2021.02.19"]
[EventType "team-tourn"]
[EventCountry "NET"]
[SourceTitle "playchess.com"]
[Source "ChessBase"]
[SourceQuality "1"]

1. Nf3 d5 2. c4 dxc4 3. e4 Nc6 4. Bxc4 Bg4 5. Bxf7+ Kxf7 6. Ng5+ Ke8 7. Qxg4 Nf6 8. Qe2 Nd4 9. Qc4 Qd6 10. Nf7 Nc2+ 11. Qxc2 Kxf7 12. Qb3+ e6 13. Nc3 a6 14. d4 Qxd4 15. Be3 Qe5 16. f3 Bd6 17. Rd1 b6 18. Bf2 Rhd8 19. g3 a5 20. a3 Bc5 21. O-O Bxf2+ 22. Kxf2 Nd7 23. f4 Qc5+ 24. Kg2 Kf6 25. f5 Nf8 26. fxe6+ Ke7 27. Rf7+ Ke8 28. e7 1-0

[Event "1st FIDE OWCCCC Pools-East 2021"]
[Site "Online"]
[Date "2021.02.19"]
[Round "2.69"]
[White "Mokashi, Magnesh"]
[Black "Nachiket, Paturkar"]
[Result "*"]
[WhiteElo "1802"]
[BlackElo "2050"]
[Annotator "NA RC"]
[PlyCount "52"]
[EventDate "2021.02.19"]
[EventType "team-tourn"]
[EventCountry "NET"]
[SourceTitle "playchess.com"]
[Source "ChessBase"]
[SourceQuality "1"]

1. d4 Nf6 2. c4 g6 3. Nc3 Bg7 4. Nf3 d6 5. e4 O-O 6. Be2 a6 7. O-O Nbd7 8. h3 c5 9. Be3 Rb8 10. Qd2 cxd4 11. Nxd4 Nc5 12. f3 h5 13. b4 Ne6 14. Rac1 h4 15. f4 Nxf4 16. Bxf4 e5 17. Bg5 exd4 18. Qxd4 Nh5 19. Qe3 Bd4 20. Qxd4 Qxg5 21. Bxh5 Qxh5 22. Qxd6 Be6 23. Nd5 Bxd5 24. cxd5 Rbd8 25. Qf6 Qh6 26. Rc7 Qe3+ *

[Event "1st FIDE OWCCCC Pools-East 2021"]
[Site "Online"]
[Date "2021.02.19"]
[Round "2.69"]
[White "Venkat, Rahul"]
[Black "Franco Gomez, Fernando"]
[Result "0-1"]
[WhiteElo "1378"]
[BlackElo "1640"]
[Annotator "NA"]
[PlyCount "64"]
[EventDate "2021.02.19"]
[EventType "team-tourn"]
[EventCountry "NET"]
[SourceTitle "playchess.com"]
[Source "ChessBase"]
[SourceQuality "1"]

1. d4 Nf6 2. c4 g6 3. Nf3 Bg7 4. Bf4 d6 5. Nc3 Nbd7 6. e3 O-O 7. Be2 c6 8. O-O Re8 9. Re1 h6 10. h3 e5 11. Bh2 Nh7 12. d5 Qe7 13. Nd2 f5 14. Qc2 Ndf6 15. e4 f4 16. Nf3 g5 17. Kh1 h5 18. h4 Ng4 19. g3 Nxf2+ 20. Kg2 Ng4 21. Rh1 Ne3+ 22. Kf2 Nxc2 23. hxg5 Nxa1 24. Rxa1 fxg3+ 25. Bxg3 Nxg5 26. Bh4 Rf8 27. Kg2 Bg4 28. Bxg5 Bxf3+ 29. Bxf3 Qxg5+ 30. Kf2 Qf4 31. Rg1 Qxf3+ 32. Ke1 Qf2+ 0-1

[Event "1st FIDE OWCCCC Pools-East 2021"]
[Site "Online"]
[Date "2021.02.19"]
[Round "2.70"]
[White "Sanjay Ram J"]
[Black "Arnold, Kiri"]
[Result "0-1"]
[WhiteElo "1149"]
[BlackElo "1727"]
[Annotator "NA"]
[PlyCount "70"]
[EventDate "2021.02.19"]
[EventType "team-tourn"]
[EventCountry "NET"]
[SourceTitle "playchess.com"]
[Source "ChessBase"]
[SourceQuality "1"]

1. e4 c5 2. Nf3 Nc6 3. Nc3 d6 4. Bb5 Bd7 5. O-O a6 6. Bxc6 Bxc6 7. d4 cxd4 8. Qxd4 Nf6 9. Bg5 e6 10. h3 Be7 11. Rad1 Rc8 12. e5 dxe5 13. Qxd8+ Bxd8 14. Nxe5 O-O 15. Nxc6 Rxc6 16. Bxf6 Bxf6 17. Rd7 b6 18. Rfd1 g6 19. R1d6 Rfc8 20. Ne4 Bxb2 21. Rd8+ Rxd8 22. Rxd8+ Kg7 23. Rd6 Rxc2 24. Ng3 Rc1+ 25. Kh2 Ra1 26. Rxb6 Rxa2 27. h4 Bd4 28. f3 Bxb6 29. Ne4 Bc7+ 30. Kh3 a5 31. Nc3 Ra1 32. g4 a4 33. h5 a3 34. Kh4 Bf4 35. hxg6 Rh1# 0-1

[Event "1st FIDE OWCCCC Pools-East 2021"]
[Site "Online"]
[Date "2021.02.19"]
[Round "2.70"]
[White "Levitan, Liel"]
[Black "Shyam, Sundar M."]
[Result "1-0"]
[WhiteElo "1097"]
[BlackElo "2518"]
[Annotator "ChessBase"]
[PlyCount "69"]
[EventDate "2021.02.19"]
[EventType "team-tourn"]
[EventCountry "NET"]
[SourceTitle "playchess.com"]
[Source "ChessBase"]
[SourceQuality "1"]

1. e4 e5 2. Nf3 Nc6 3. Bc4 Nf6 4. d3 Bc5 5. c3 h6 6. Nbd2 O-O 7. Bb3 d5 8. exd5 Nxd5 9. Ne4 Bb6 10. O-O Bg4 11. h3 Bh5 12. Re1 Re8 13. Ng3 Bg6 14. d4 e4 15. Nh4 Qxh4 16. Bxd5 Rad8 17. Bb3 Nxd4 18. cxd4 Bxd4 19. Qg4 Qf6 20. Bf4 h5 21. Qg5 Qb6 22. Re2 Bf6 23. Qxg6 Qxb3 24. Qxg7+ Bxg7 25. axb3 c6 26. Nxh5 Bd4 27. Bg5 Rd5 28. Bf6 Rxh5 29. Bxd4 c5 30. Bc3 a6 31. Rae1 f5 32. f3 Rh4 33. Bf6 Rf4 34. Bg5 exf3 35. Rxe8+ 1-0

[Event "1st FIDE OWCCCC Pools-East 2021"]
[Site "Online"]
[Date "2021.02.19"]
[Round "2.70"]
[White "Hughes, Essie"]
[Black "Giri, Ganesh"]
[Result "0-1"]
[WhiteElo "1076"]
[BlackElo "1366"]
[Annotator "NA"]
[PlyCount "80"]
[EventDate "2021.02.19"]
[EventType "team-tourn"]
[EventCountry "NET"]
[SourceTitle "playchess.com"]
[Source "ChessBase"]
[SourceQuality "1"]

1. d4 Nf6 2. Nf3 e6 3. Nc3 c5 4. e4 cxd4 5. Nxd4 Nc6 6. Bc4 d5 7. Bb3 Bb4 8. a3 Bxc3+ 9. bxc3 Nxe4 10. O-O Nxc3 11. Qd3 Ne4 12. Re1 O-O 13. f3 Nc5 14. Qc3 Nxb3 15. cxb3 a6 16. Bf4 Qb6 17. Re5 Qxd4+ 18. Qxd4 Nxd4 19. Rd1 Nxb3 20. Rd3 Nc5 21. Rd4 Nd7 22. Rg5 h6 23. Rh5 Nf6 24. Rh4 Bd7 25. h3 Bb5 26. g4 Rac8 27. Kf2 Nd7 28. g5 e5 29. Be3 exd4 30. Bxd4 hxg5 31. Rh5 f6 32. h4 g6 33. Rh6 Kf7 34. h5 Rh8 35. Rxg6 Rxh5 36. Rxf6+ Nxf6 37. Bxf6 Kxf6 38. Ke3 Ke5 39. Kd2 Rh2+ 40. Ke3 Rc3# 0-1

[Event "1st FIDE OWCCCC Pools-East 2021"]
[Site "Online"]
[Date "2021.02.19"]
[Round "2.71"]
[White "Dudley, Sarah"]
[Black "Shrimal, Khushbu"]
[Result "1-0"]
[WhiteElo "1375"]
[BlackElo "151"]
[Annotator "NA"]
[PlyCount "43"]
[EventDate "2021.02.19"]
[EventType "team-tourn"]
[EventCountry "NET"]
[SourceTitle "playchess.com"]
[Source "ChessBase"]
[SourceQuality "1"]

1. e4 e5 2. Nf3 Nc6 3. Nc3 Nb4 4. Bc4 f6 5. a3 Nh6 6. axb4 c5 7. bxc5 b6 8. O-O bxc5 9. d3 d6 10. Bb5+ Ke7 11. Nd5+ Kf7 12. Bxh6 gxh6 13. Bc6 Rb8 14. Nh4 Qc7 15. Qh5+ Kg8 16. Nxf6+ Kg7 17. Ne8+ Kg8 18. Nxc7 Be7 19. Qe8+ Kg7 20. Qxe7+ Kg8 21. Bd5+ Be6 22. Bxe6# 1-0

[Event "1st FIDE OWCCCC Pools-East 2021"]
[Site "Online"]
[Date "2021.02.19"]
[Round "2.71"]
[White "Dhamija, Mohit"]
[Black "sgl"]
[Result "0-1"]
[WhiteElo "1311"]
[BlackElo "1701"]
[Annotator "NA"]
[PlyCount "58"]
[EventDate "2021.02.19"]
[EventType "team-tourn"]
[EventCountry "NET"]
[SourceTitle "playchess.com"]
[Source "ChessBase"]
[SourceQuality "1"]

1. c4 e6 2. Nc3 Nf6 3. Nf3 d5 4. e3 Nc6 5. cxd5 exd5 6. d4 Be6 7. Bb5 Bd6 8. O-O O-O 9. Bxc6 bxc6 10. Re1 Re8 11. Bd2 c5 12. dxc5 Bxc5 13. b3 Qd6 14. Nb5 Qb6 15. a4 a6 16. Nc3 Rad8 17. Ne5 d4 18. exd4 Bxd4 19. Qf3 Bxb3 20. Rab1 Bxe5 21. Be3 Qb4 22. Na2 Qxa4 23. Nc1 Bd5 24. Qe2 Qe4 25. f3 Qxb1 26. Nd3 Qb7 27. Nxe5 Rxe5 28. f4 Re4 29. Bc1 Rxe2 0-1

[Event "1st FIDE OWCCCC Pools-East 2021"]
[Site "Online"]
[Date "2021.02.19"]
[Round "2.71"]
[White "Pandya, Dhaval"]
[Black "Garcia Chica, Eva Maria"]
[Result "0-1"]
[WhiteElo "1181"]
[BlackElo "1446"]
[Annotator "NA"]
[PlyCount "42"]
[EventDate "2021.02.19"]
[EventType "team-tourn"]
[EventCountry "NET"]
[SourceTitle "playchess.com"]
[Source "ChessBase"]
[SourceQuality "1"]

1. e4 c6 2. a3 d5 3. exd5 cxd5 4. h3 Nf6 5. d3 Nc6 6. Nf3 Bf5 7. Be2 e6 8. O-O Bd6 9. Nc3 O-O 10. Bg5 h6 11. Bxf6 Qxf6 12. Ne1 Qe5 13. Nf3 Qf6 14. Nb5 Bb8 15. c4 a6 16. Nc3 dxc4 17. dxc4 Rd8 18. Qc1 Ne5 19. Nxe5 Qxe5 20. Re1 Qh2+ 21. Kf1 Qh1# 0-1

[Event "1st FIDE OWCCCC Pools-East 2021"]
[Site "Online"]
[Date "2021.02.19"]
[Round "2.71"]
[White "van Beek, Joost"]
[Black "asiek"]
[Result "1-0"]
[WhiteElo "1134"]
[BlackElo "227"]
[Annotator "NA"]
[PlyCount "49"]
[EventDate "2021.02.19"]
[EventType "team-tourn"]
[EventCountry "NET"]
[SourceTitle "playchess.com"]
[Source "ChessBase"]
[SourceQuality "1"]

1. d4 d5 2. c4 dxc4 3. Nc3 Nc6 4. Nb1 Nf6 5. e3 Ne4 6. Bxc4 b6 7. f3 Ng5 8. e4 e6 9. Bxg5 f6 10. Bf4 Bb4+ 11. Nc3 Ba5 12. Nge2 b5 13. Bxb5 Qd7 14. O-O Qxd4+ 15. Nxd4 e5 16. Nxc6 Bd7 17. Nd5 exf4 18. b4 Bxb4 19. Nxc7+ Kf7 20. Qxd7+ Kg6 21. Qf5+ Kf7 22. Bc4+ Kf8 23. Nxa8 Ke8 24. Rad1 g6 25. Rd8# 1-0

[Event "1st FIDE OWCCCC Pools-East 2021"]
[Site "Online"]
[Date "2021.02.19"]
[Round "2.72"]
[White "Ghazal, Omar"]
[Black "Schmaltz, Julien"]
[Result "1-0"]
[WhiteElo "1035"]
[BlackElo "545"]
[Annotator "NA"]
[PlyCount "103"]
[EventDate "2021.02.19"]
[EventType "team-tourn"]
[EventCountry "NET"]
[SourceTitle "playchess.com"]
[Source "ChessBase"]
[SourceQuality "1"]

1. e3 c5 2. Nc3 Nc6 3. Nh3 g6 4. Qf3 Bg7 5. Bc4 Ne5 6. Qf4 Nxc4 7. Qxc4 d6 8. Ng5 Be6 9. Nxe6 fxe6 10. Qxe6 Nf6 11. d4 Qd7 12. d5 O-O-O 13. Qf7 Bh6 14. e4 Bxc1 15. Rxc1 Rdf8 16. Qe6 Ng4 17. Nb5 Rf6 18. Nxa7+ Kd8 19. Qxd7+ Kxd7 20. f3 Ne5 21. a3 Rhf8 22. Rf1 Nc4 23. b4 cxb4 24. axb4 Ne3 25. Rf2 Nc4 26. Nb5 h5 27. Re2 g5 28. Ra1 g4 29. Ra7 gxf3 30. gxf3 Rxf3 31. Rxb7+ Ke8 32. Rb8+ Kd7 33. Rxf8 Rxf8 34. Nd4 h4 35. b5 h3 36. Nf5 Na3 37. c3 Nc4 38. Kd1 Ne5 39. Ra2 Ng4 40. Ra7+ Kd8 41. Ra2 Ne3+ 42. Nxe3 Rf3 43. Ke2 Rf4 44. Ra8+ Kd7 45. c4 Rxe4 46. b6 Rg4 47. b7 Rg2+ 48. Nxg2 hxg2 49. Kf2 g1=Q+ 50. Kxg1 Kc7 51. b8=Q+ Kd7 52. Ra7# 1-0

[Event "1st FIDE OWCCCC Pools-East 2021"]
[Site "Online"]
[Date "2021.02.19"]
[Round "2.73"]
[White "Rocka"]
[Black "Callagher, Liam"]
[Result "1-0"]
[WhiteElo "1720"]
[BlackElo "959"]
[Annotator "NA"]
[PlyCount "33"]
[EventDate "2021.02.19"]
[EventType "team-tourn"]
[EventCountry "NET"]
[SourceTitle "playchess.com"]
[Source "ChessBase"]
[SourceQuality "1"]

1. e4 e5 2. Nf3 Nc6 3. Bc4 Bc5 4. c3 Nf6 5. d4 exd4 6. cxd4 Bb4+ 7. Nc3 Bxc3+ 8. bxc3 O-O 9. e5 Ne4 10. Qd3 Nxf2 11. Kxf2 Qe7 12. Rf1 Na5 13. a4 Nxc4 14. Qxc4 d6 15. Ba3 dxe5 16. Bxe7 exd4 17. Bxf8 1-0

[Event "1st FIDE OWCCCC Pools-East 2021"]
[Site "Online"]
[Date "2021.02.19"]
[Round "2.73"]
[White "Alrowaiei, Jasim"]
[Black "Vinod Kumar Sharma"]
[Result "1-0"]
[WhiteElo "1103"]
[BlackElo "2173"]
[Annotator "NA"]
[PlyCount "37"]
[EventDate "2021.02.19"]
[EventType "team-tourn"]
[EventCountry "NET"]
[SourceTitle "playchess.com"]
[Source "ChessBase"]
[SourceQuality "1"]

1. e4 e5 2. Nf3 d6 3. Bc4 Nf6 4. Ng5 h6 5. Nxf7 Qe7 6. Nxh8 Bg4 7. f3 Be6 8. Bb5+ c6 9. Bd3 d5 10. exd5 Bxd5 11. Bg6+ Kd7 12. Bf5+ Ke8 13. d4 exd4+ 14. Qe2 d3 15. cxd3 Ng4 16. Bxg4 Qe5 17. Qxe5+ Be7 18. Ng6 Nd7 19. Qxe7# 1-0

[Event "1st FIDE OWCCCC Pools-East 2021"]
[Site "Online"]
[Date "2021.02.19"]
[Round "2.73"]
[White "P V N, Prameela"]
[Black "Dracka, Alexander"]
[Result "0-1"]
[WhiteElo "689"]
[BlackElo "1598"]
[Annotator "NA"]
[PlyCount "66"]
[EventDate "2021.02.19"]
[EventType "team-tourn"]
[EventCountry "NET"]
[SourceTitle "playchess.com"]
[Source "ChessBase"]
[SourceQuality "1"]

1. g3 Nf6 2. Bg2 g6 3. Nh3 Bg7 4. O-O O-O 5. d4 d5 6. e3 Nc6 7. c3 e5 8. b4 e4 9. Bb2 Bg4 10. f3 exf3 11. Bxf3 Bxh3 12. a4 Bxf1 13. Kxf1 Re8 14. b5 Na5 15. Nd2 Rxe3 16. Kf2 Qe7 17. c4 Nxc4 18. Rb1 Re8 19. Qc1 Nxd2 20. Qxd2 Ne4+ 21. Bxe4 Qxe4 22. Re1 Rf3+ 23. Kg2 Re3+ 24. Kh3 Rxe1 25. Bc3 Qf5+ 26. g4 Qf3+ 27. Kh4 R1e4 28. Qg5 Bf6 29. Qxf6 Qxf6+ 30. Kg3 Re3+ 31. Kg2 Qf3+ 32. Kg1 Re1+ 33. Bxe1 Rxe1# 0-1

[Event "1st FIDE OWCCCC Pools-East 2021"]
[Site "Online"]
[Date "2021.02.19"]
[Round "2.74"]
[White "Kaur, Satvinder"]
[Black "Mashkoor, Mohammed"]
[Result "1-0"]
[WhiteElo "1156"]
[BlackElo "557"]
[Annotator "NA"]
[PlyCount "67"]
[EventDate "2021.02.19"]
[EventType "team-tourn"]
[EventCountry "NET"]
[SourceTitle "playchess.com"]
[Source "ChessBase"]
[SourceQuality "1"]

1. e3 e5 2. Qf3 Nc6 3. Bc4 Nf6 4. Nc3 Na5 5. Bb5 c6 6. Bd3 Bb4 7. a3 Bc5 8. Qf5 Nd5 9. Qxe5+ Kf8 10. Nxd5 cxd5 11. c4 d6 12. Qxd5 Qc7 13. b3 Nxb3 14. Rb1 Na5 15. Bb2 g6 16. Bxh8 Bg4 17. Ne2 Re8 18. O-O Qc6 19. Rb5 a6 20. Rxa5 Qxd5 21. cxd5 b6 22. Rxa6 b5 23. Bxb5 Rb8 24. Bd3 Rb3 25. Bc2 Rb2 26. Ra8+ Ke7 27. Bd1 Rxd2 28. Ng3 Bxd1 29. Ne4 Bb6 30. Nxd2 Bh5 31. Rc1 g5 32. Rc6 Bxe3 33. fxe3 g4 34. Rc7# 1-0

[Event "1st FIDE OWCCCC Pools-East 2021"]
[Site "Online"]
[Date "2021.02.19"]
[Round "2.75"]
[White "Chintamani Bhatawadekar"]
[Black "Vecera, Petr"]
[Result "0-1"]
[WhiteElo "1249"]
[BlackElo "2019"]
[Annotator "NA"]
[PlyCount "120"]
[EventDate "2021.02.19"]
[EventType "team-tourn"]
[EventCountry "NET"]
[SourceTitle "playchess.com"]
[Source "ChessBase"]
[SourceQuality "1"]

1. e4 c6 2. Nf3 d5 3. e5 Bf5 4. d4 e6 5. Bd3 Ne7 6. Bg5 Bxd3 7. Qxd3 h6 8. Bh4 Qb6 9. b3 Nf5 10. O-O c5 11. dxc5 Bxc5 12. Nbd2 Nc6 13. Bg3 Ncd4 14. Nxd4 Bxd4 15. Rae1 Rc8 16. Nf3 Nxg3 17. hxg3 Bxf2+ 18. Rxf2 O-O 19. Nd4 a6 20. g4 a5 21. a4 Qb4 22. Rc1 Rc3 23. Qd2 Rg3 24. Qxb4 axb4 25. Rf4 g5 26. Rf2 Rxg4 27. Nb5 Re4 28. Nd6 Rxe5 29. Rcf1 f5 30. Nxb7 g4 31. Nc5 g3 32. Rd2 h5 33. Nd7 Re3 34. Nxf8 Kxf8 35. Rdd1 Kf7 36. Rde1 Rc3 37. Re2 h4 38. Rf4 h3 39. gxh3 Kf6 40. h4 e5 41. h5 exf4 42. h6 Kg6 43. Re6+ Kh7 44. Re7+ Kxh6 45. Re6+ Kg5 46. Re2 f3 47. Rd2 Kf4 48. Rd4+ Ke3 49. Rxd5 Rxc2 50. Rd1 Ke2 51. Rf1 f2+ 52. Kg2 Rd2 53. Rc1 Rd1 54. Rc2+ Ke3 55. Kxg3 f1=Q 56. Rg2 Qf4+ 57. Kh3 Rd2 58. Rg3+ Ke4 59. a5 Qxg3+ 60. Kxg3 Ra2 0-1

[Event "1st FIDE OWCCCC Pools-East 2021"]
[Site "Online"]
[Date "2021.02.19"]
[Round "2.76"]
[White "Liberdova, Armana"]
[Black "GB_Chess_"]
[Result "0-1"]
[WhiteElo "227"]
[BlackElo "1772"]
[Annotator "NA"]
[PlyCount "22"]
[EventDate "2021.02.19"]
[EventType "team-tourn"]
[EventCountry "NET"]
[SourceTitle "playchess.com"]
[Source "ChessBase"]
[SourceQuality "1"]

1. e4 c5 2. c4 e6 3. Nf3 d6 4. Ng5 Qxg5 5. Be2 Nf6 6. O-O h5 7. Nc3 h4 8. Nb5 Na6 9. Nxd6+ Bxd6 10. a4 Qe5 11. Ra3 Qxh2# 0-1

[Event "1st FIDE OWCCCC Pools-East 2021"]
[Site "Online"]
[Date "2021.02.19"]
[Round "3"]
[White "Heer, Stephan"]
[Black "Konstantinov, Vasiliy"]
[Result "1-0"]
[WhiteElo "2063"]
[BlackElo "2196"]
[Annotator "TA"]
[PlyCount "59"]
[EventDate "2021.02.19"]
[EventType "team-tourn"]
[EventCountry "NET"]
[SourceTitle "playchess.com"]
[Source "ChessBase"]
[SourceQuality "1"]

1. Nf3 e6 2. g3 d5 3. d3 Nf6 4. Bg2 Be7 5. Nbd2 O-O 6. O-O b6 7. e4 Bb7 8. e5 Nfd7 9. Re1 c5 10. Nf1 Nc6 11. h4 Rc8 12. c3 Qc7 13. Bf4 d4 14. c4 Rfd8 15. N1h2 Nf8 16. h5 a6 17. Ng4 b5 18. b3 bxc4 19. bxc4 Ba8 20. Nd2 Nb4 21. Ne4 Bxe4 22. Bxe4 Rd7 23. Nf6+ gxf6 24. Qg4+ Ng6 25. exf6 Bd6 26. hxg6 hxg6 27. Bh6 Qd8 28. Qh4 Be5 29. Bg7 Nc2 30. Qh8# 1-0

[Event "1st FIDE OWCCCC Pools-East 2021"]
[Site "Online"]
[Date "2021.02.19"]
[Round "3.1"]
[White "Jojua, Davit"]
[Black "Sodoma, Jan"]
[Result "1-0"]
[WhiteElo "2557"]
[BlackElo "2306"]
[Annotator "TA"]
[PlyCount "57"]
[EventDate "2021.02.19"]
[EventType "team-tourn"]
[EventCountry "NET"]
[SourceTitle "playchess.com"]
[Source "ChessBase"]
[SourceQuality "1"]

1. d4 Nf6 2. Nf3 e6 3. Bf4 c5 4. e3 Qb6 5. Qc1 Nc6 6. c3 d5 7. Bd3 Bd7 8. Nbd2 Rc8 9. Qb1 Be7 10. h3 a5 11. a4 h6 12. O-O O-O 13. Ne5 Nxe5 14. dxe5 Ne8 15. c4 Kh8 16. b3 f5 17. exf6 Bxf6 18. Ra2 Nd6 19. Nf3 Nf7 20. Bg3 Bc6 21. Rd2 dxc4 22. Bxc4 Bxf3 23. gxf3 Ne5 24. Bxe5 Bxe5 25. Qe4 Bb8 26. Rd7 Rcd8 27. Rfd1 Rxd7 28. Rxd7 Rd8 29. Bd3 1-0

[Event "1st FIDE OWCCCC Pools-East 2021"]
[Site "Online"]
[Date "2021.02.19"]
[Round "3.1"]
[White "Muzychuk, Mariya"]
[Black "Cerveny, Martin"]
[Result "1/2-1/2"]
[WhiteElo "2544"]
[BlackElo "2411"]
[Annotator "TA"]
[PlyCount "93"]
[EventDate "2021.02.19"]
[EventType "team-tourn"]
[EventCountry "NET"]
[SourceTitle "playchess.com"]
[Source "ChessBase"]
[SourceQuality "1"]

1. e4 c5 2. Nf3 d6 3. Bb5+ Bd7 4. Bxd7+ Qxd7 5. c4 Nf6 6. Nc3 Nc6 7. d4 cxd4 8. Nxd4 Qg4 9. Qxg4 Nxg4 10. Nxc6 bxc6 11. b3 g6 12. Bb2 Bg7 13. h3 Ne5 14. Ke2 Nd7 15. Rab1 O-O 16. Na4 f5 17. exf5 gxf5 18. Rhd1 c5 19. Nc3 Bxc3 20. Bxc3 Kf7 21. Rd3 a5 22. g4 fxg4 23. hxg4 Rg8 24. Rh1 Nf8 25. f3 a4 26. Rh5 axb3 27. axb3 Ke8 28. Rd2 Ra3 29. Rb2 Kf7 30. Kd3 Rg6 31. Rf5+ Ke8 32. b4 cxb4 33. Rxb4 Nd7 34. Kc2 Nc5 35. Rb8+ Kd7 36. Bb4 Ra2+ 37. Kb1 Rf2 38. Bxc5 dxc5 39. Rb7+ Kc6 40. Rb5 Re6 41. Rbxc5+ Kd7 42. Rcd5+ Ke8 43. Rde5 Rb6+ 44. Rb5 Re6 45. Rbe5 Rb6+ 46. Rb5 Re6 47. Rbe5 1/2-1/2

[Event "1st FIDE OWCCCC Pools-East 2021"]
[Site "Online"]
[Date "2021.02.19"]
[Round "3.1"]
[White "Anisimov, Pavel"]
[Black "GMAlex"]
[Result "1/2-1/2"]
[WhiteElo "2527"]
[BlackElo "2511"]
[Annotator "TA"]
[PlyCount "93"]
[EventDate "2021.02.19"]
[EventType "team-tourn"]
[EventCountry "NET"]
[SourceTitle "playchess.com"]
[Source "ChessBase"]
[SourceQuality "1"]

1. d4 d5 2. Bf4 c5 3. e3 Nc6 4. c3 Qb6 5. Qb3 c4 6. Qc2 e5 7. dxe5 Bf5 8. Qc1 g5 9. Bg3 h5 10. h3 Bg7 11. Nf3 g4 12. hxg4 hxg4 13. Rxh8 Bxh8 14. Nd4 Nge7 15. Nd2 Nxe5 16. Bxe5 Bxe5 17. Nxf5 Nxf5 18. Qc2 Nd6 19. O-O-O O-O-O 20. g3 f5 21. Bg2 Ne4 22. Nxe4 fxe4 23. Qe2 Qe6 24. Rh1 Rh8 25. Rxh8+ Bxh8 26. Kd1 b5 27. a3 a5 28. Qd2 Kc7 29. Bf1 Kc6 30. Be2 Be5 31. Ke1 Qf6 32. Qc2 Qf5 33. Qd1 Qh5 34. Bxg4 Qh1+ 35. Ke2 Qxd1+ 36. Kxd1 b4 37. axb4 axb4 38. cxb4 Bd6 39. f3 exf3 40. Bxf3 Bxb4 41. g4 Be7 42. Kc2 Kc5 43. b3 cxb3+ 44. Kxb3 Bg5 45. e4 dxe4 46. Bxe4 Kd4 47. Bf5 1/2-1/2

[Event "1st FIDE OWCCCC Pools-East 2021"]
[Site "Online"]
[Date "2021.02.19"]
[Round "3.1"]
[White "Sikorova, Olga"]
[Black "Batchuluun, Tsegmed"]
[Result "0-1"]
[WhiteElo "2215"]
[BlackElo "2536"]
[Annotator "TA"]
[PlyCount "66"]
[EventDate "2021.02.19"]
[EventType "team-tourn"]
[EventCountry "NET"]
[SourceTitle "playchess.com"]
[Source "ChessBase"]
[SourceQuality "1"]

1. c4 e5 2. g3 Nf6 3. Bg2 d5 4. cxd5 Nxd5 5. Nc3 Nb6 6. Nf3 Nc6 7. O-O Be7 8. b3 O-O 9. Bb2 Be6 10. d3 f6 11. Rc1 Qd7 12. Re1 Nd5 13. Nxd5 Bxd5 14. e4 Be6 15. d4 exd4 16. Nxd4 Nxd4 17. Qxd4 Qxd4 18. Bxd4 c6 19. e5 f5 20. f4 Rfd8 21. Red1 Ba3 22. Rb1 Rxd4 23. Rxd4 Bc5 24. Rbd1 Rd8 25. Kf1 Rxd4 26. Rc1 Ba3 27. Rc2 Kf7 28. Ke2 a5 29. h3 a4 30. Ke3 axb3 31. axb3 Rb4 32. g4 Rxb3+ 33. Kf2 Rb2 0-1